| 000 | 01423nam0a2200325 4500 | ||
|---|---|---|---|
| 001 | RU\NLR\bibl\425410 | ||
| 005 | 20260405144734.0 | ||
| 010 |
_a5-89519-032-4 _9150 |
||
| 035 | _a(NLR Aleph) 000419300 | ||
| 090 |
_a684709 _c684709 |
||
| 100 | _a20030801d1998 |||y0rusy50 ca | ||
| 101 | 0 |
_arus _deng |
|
| 102 | _aRU | ||
| 105 | _ay ||||||||| | ||
| 200 | 1 |
_aГосударства Закавказья и Россия _e(Пробл. юж. рубежей России). _eНауч. докл. _fЯзькова А.А. _gРос. акад. наук, Ин-т междунар. экон. и полит. исслед. |
|
| 210 |
_aМ _cЭПИКОН _d1998 |
||
| 215 |
_a70 с. _d20 |
||
| 300 | _aРез. на англ. яз. | ||
| 320 | _aБиблиогр. в подстроч. прим. | ||
| 607 |
_aЗакавказье _xВзаимоотношения _yРоссийская Федерация _z1990-ые гг. _92298224 _3RU\NLR\AUTH\661376062 |
||
| 607 |
_aРоссийская Федерация _xВзаимоотношения _yЗакавказье _z1990-ые гг. _92640820 _3RU\NLR\AUTH\6601745165 |
||
| 686 | _aТ3(247)74-64(2) | ||
| 686 | _aТ3(2)74-64(247) | ||
| 700 | 1 |
_4070 _8rus _7ca _aЯзькова _bА. А. _f1930- _gАлла Алексеевна _3RU\NLR\auth\7760292 _943223 |
|
| 801 | 0 |
_aRU _bNLR _c20030801 _gPSBO |
|
| 801 | 1 |
_aRU _bNLR _c20030801 |
|
| 942 | _cBOOK | ||
| 980 | _aNB | ||